LIBRARY & INFORMATION CENTRE, KCAET, TAVANUR

ONLINE PUBLIC ACCESS CATALOGUE (OPAC)

Food Plant Sanitation (Record no. 19449)

MARC details
000 -LEADER
fixed length control field 00562nam a22002177a 4500
003 - CONTROL NUMBER IDENTIFIER
control field OSt
008 - FIXED-LENGTH DATA ELEMENTS--GENERAL INFORMATION
fixed length control field 250224b |||||||| |||| 00| 0 eng d
020 ## - INTERNATIONAL STANDARD BOOK NUMBER
ISBN 9 780824 707934
041 ## - LANGUAGE CODE
Language code of text/sound track or separate title eng
082 ## - DEWEY DECIMAL CLASSIFICATION NUMBER
Classification number 664.02
Item number HUI/FO
100 ## - MAIN ENTRY--AUTHOR NAME
Personal name Hui, YH
245 ## - TITLE STATEMENT
Title Food Plant Sanitation
260 ## - PUBLICATION, DISTRIBUTION, ETC. (IMPRINT)
Place of publication New York:
Name of publisher Marcel Decker Inc.,
Year of publication 2003.
300 ## - PHYSICAL DESCRIPTION
Number of Pages 745p.
700 ## - ADDED ENTRY--PERSONAL NAME
Personal name Bruinsma, Bernard L
700 ## - ADDED ENTRY--PERSONAL NAME
Personal name RIchard Gorham, J
700 ## - ADDED ENTRY--PERSONAL NAME
Personal name Nip, Wai-Kit
700 ## - ADDED ENTRY--PERSONAL NAME
Personal name Tong, Philip S
700 ## - ADDED ENTRY--PERSONAL NAME
Personal name Ventresca, Phil
942 ## - ADDED ENTRY ELEMENTS (KOHA)
Koha item type Books
Holdings
Withdrawn status Lost status Damaged status Home library Current library Date acquired Cost, normal purchase price Full call number Accession Number Koha item type
      KAUAET KAUAET 24/02/2025 11691.04 664.02 HUI/FO 22589 Books
free website counter